A orillas del bronce / (Record no. 70428)

MARC details
000 -LEADER
campo de control de longitud fija 00731nam a2200217 i 4500
001 - NÚMERO DE CONTROL
campo de control 70428
003 - IDENTIFICADOR DE NÚMERO DE CONTROL
campo de control ES-MaACL
005 - FECHA Y HORA DE LA ÚLTIMA TRANSACCIÓN
campo de control 20230906170821.0
007 - CAMPO FIJO DE DESCRIPCIÓN FÍSICA--INFORMACIÓN GENERAL
campo de control de longitud fija t|
008 - DATOS DE LONGITUD FIJA--INFORMACIÓN GENERAL
campo de control de longitud fija 040723s1986 sp ||||1| spa d
020 ## - NÚMERO INTERNACIONAL ESTÁNDAR DEL LIBRO
Número Internacional Estándar del Libro 84-398-6960-6
100 1# - ENTRADA PRINCIPAL--NOMBRE DE PERSONA
Nombre de persona García Solano, Jesús.
9 (RLIN) 55309
245 10 - MENCIÓN DEL TÍTULO
Título A orillas del bronce /
Mención de responsabilidad, etc. Jesús G. Soriano ; [prólogo de Juan Ramón Gallardo Soriano ; ilustraciones de A. Martín Maqueda y R. Armenta].
260 ## - PUBLICACIÓN, DISTRIBUCIÓN, ETC.
Lugar de publicación, distribución, etc. [Marchena] :
Nombre del editor, distribuidor, etc. Jegarso,
Fecha de publicación, distribución, etc. 1986.
300 ## - DESCRIPCIÓN FÍSICA
Extensión 148 p. :
Otras características físicas il. ;
Dimensiones 22 cm.
500 ## - NOTA GENERAL
Nota general De. autógr. del autor.
700 1# - ENTRADA AGREGADA--NOMBRE PERSONAL
Nombre de persona Gallardo Soriano, Juan Ramón.
9 (RLIN) 53500
700 1# - ENTRADA AGREGADA--NOMBRE PERSONAL
Nombre de persona Martín Maqueda, A.
9 (RLIN) 77553
700 1# - ENTRADA AGREGADA--NOMBRE PERSONAL
Nombre de persona Armenta, R.
9 (RLIN) 22954
852 ## - LOCALIZACIÓN
Ubicación ES-MaACL
Número de control de estantería L-11184
Sublocalización o colección R.112708
Holdings
Estatus retirado Estado de pérdida Estado de daño No para préstamo Biblioteca de origen Biblioteca actual Ubicación en estantería Fecha de adquisición Fuente de adquisición Total de préstamos Signatura topográfica completa Código de barras Visto por última vez Precio de reemplazo Tipo de ítem Koha
        Biblioteca del Ateneo de Madrid Biblioteca del Ateneo de Madrid Depósito 2 17/01/2008     L-11184 1073748 23/02/2023 23/02/2023 Libro impreso